000 01704nam a22002897a 4500
005 20090713112240.0
008 090713t xxu||||| |||| 00| d hin d
010 _aHIN-87229
020 _a8181020146
_c100.00
035 _aHN-59575
037 _bDBAD / PUB
040 _adpl
_bhn
082 _a822
100 _aगाल्सवर्दी, जॉन
245 _aचांदी की डिबियाः
_cजॉन गाल्सवर्दी; प्रेमचन्द द्वारा अनुदित
_b(विश्व प्रसिद्ध नाटक 'सिल्वर बॉक्स' का हिन्दी अनुवाद) /
246 _aChaandii kii dibiyaa
_bby Jon Galsvardi
260 _aनई दिल्ली
_bचेतन साहित्य मंदिर
_c2003
270 _aए-47, अमर कालोनी, लाजपत नगर
_bनई दिल्ली
_e110024
300 _a68पृ.
_c22सेमी(सजिल्द)
490 _aनोबल पुरुस्कार द्वारा सम्मानित साहित्यकार
500 _aनोबल पुरस्कार द्वारा सम्मानित साहित्यकार
650 _aअंग्रेजी नाटक
_xहिन्दी में अनुवाद
650 _aEnglish Drama
_xTranslations into Hindi
700 _aप्रेमचन्द
942 _2ddc
_cHN
_mगाल्सव
_h822
999 _c28212
_d28212